000 00307nam a2200145Ia 4500
008 220613s9999||||xx |||||||||||||| ||und||
020 _a0028-852X
100 _axxx
245 4 _aThe Laryngoscope
250 _a129(1-4) Jan-Apr 2019
260 _bWiley
300 _a1020
650 _aENT
942 _cFJ
999 _c15225
_d15225